000 00824nam a2200181Ia 4500
008 100920s9999 xx 000 0 und d
082 _b57372
_a891.464 थ 91
100 _aबेडेकर विश्राम.
245 _aस्वातंत्र्यवीर सावरकर चित्रपटकथा व संवाद.
260 _bपॉप्युलर प्रकाशन, मुंबई.
_c1991
300 _a188
_bसाधी
365 _b150
520 _aनिबंध.
630 _aस्वातंत्र्यवीर सावरकर चित्रपटकथा व संवाद.
650 _aनिबंध.
730 _aस्वातंत्र्यवीर सावरकर चित्रपटकथा व संवाद.
942 _cBOOK
999 _c701242
_d701239